000 00817cam a22002533a 4500
001 1859
003 PGUSA
005 20140828083007.0
008 990801s1999||||xxu|||||s|||||000 e eng d
040 _aPGUSA
_beng
042 _adc
050 4 _aPR
100 1 _aBeerbohm, Max,
_cSir,
_d1872-1956
245 1 4 _aThe Works of Max Beerbohm
_h[electronic resource] /
_cMax, Beerbohm
260 _bProject Gutenberg,
_c1999
505 0 _aDandies and dandies -- A good prince -- 1880 -- King George the Fourth -- The pervasion of rouge -- Poor Romeo! -- Diminuendo -- Bibliography.
506 _aPublic domain in the USA.
516 _aElectronic text
653 _aEssays
700 1 _aLane, John,
_d1854-1925
830 0 _aProject Gutenberg
_v1859
856 4 0 _uhttp://www.gutenberg.org/ebooks/1859
942 _cEB
999 _c231202
_d231202